000 00275nam a2200121Ia 4500
008 190216s9999||||xx |||||||||||||| ||und||
100 _aKumar M S
245 0 _aMizhiyoram Vazhiyoram
260 _bPoorna Pubs Kozhikode
300 _a139
650 _aMalayalam
942 _cBK
999 _c27779
_d27779